#1 Rock Songs of the 2000s - Statistics

General Stats
  • This quiz has been taken 480 times
  • The average score is 14 of 39
Answer Stats
# Song(s) Artist % Correct
3 Boulevard of Broken Dreams, Holiday, Know Your Enemy Green Day
94%
3 Californication, By the Way, Dani California Red Hot Chili Peppers
94%
7 How You Remind Me, Too Bad, Never Again, Figured You Out, Photograph, Animals, Something in Your Mouth Nickelback
89%
5 Somewhere I Belong, Numb, Breaking the Habit, What I've Done, New Divide Linkin Park
83%
5 Kryptonite, Loser, Duck and Run, When I'm Gone, I's Not My Time 3 Doors Down
73%
2 Best of You, The Pretender Foo Fighters
70%
3 Higher, With Arms Wide Open, My Sacrifice Creed
69%
1 Aerials System of a Down
55%
5 Just Like You, Animal I Have Become, Pain, Never Too Late, Break Three Days Grace
55%
5 Blurry, Drift & Die, She Hates Me, Away from Me, Psycho Puddle of Mudd
47%
3 It's Been Awhile, So Far Away, Right Here Staind
46%
2 Like a Stone, Be Yourself Audioslave
45%
1 Paralyzer Finger Eleven
43%
2 Remedy, Fake It Seether
41%
2 Breath, I Will Not Bow Breaking Benjamin
39%
2 Headstrong, Still Frame Trapt
39%
3 No Leaf Clover, I Disappear, The Day That Never Comes Metallica
36%
5 Awake, I Stand Alone, Straight Out of Line, Speak, Whiskey Hangover Godsmack
35%
4 Save Me, Devour, Second Chance, Sound of Madness Shinedown
33%
2 Land of Confusion, Inside the Fire Disturbed
32%
1 Through Glass Stone Sour
27%
1 Jaded Aerosmith
26%
2 Send the Pain Below, Vitamin R (Leading Us Along) Chevelle
25%
1 You Know You're Right Nirvana
25%
1 The Pot Tool
24%
2 Slither, Fall to Pieces Velvet Revolver
24%
2 Stiff Upper Lip, Rock 'N Roll Train AC/DC
23%
1 Bad Girlfriend Theory of a Deadman
22%
1 Hero Chad Kroeger
21%
1 Cold Hard Bitch Jet
20%
1 Check My Brain Alice in Chains
19%
1 Happy? Mudvayne
17%
1 I Don't Wanna Stop Ozzy Osbourne
14%
1 Lifeline Papa Roach
14%
1 Weak and Powerless A Perfect Circle
9%
1 I Don't Care Apocalyptica
9%
1 Outside Aaron Lewis
4%
1 Breakdown Tantric
3%
1 Champagne Cavo
2%
No matching quizzes found
Score Distribution
Percent of People with Each Score
Percentile by Number Answered
Your Score History
You have not taken this quiz